[Event "Druzynowe Mistrzostwa Polski - II liga"]
[Site "Sypniewo k. Jastrowia"]
[Date "1899-12-30"]
[Round "1.77"]
[White "Wasik, Roman"]
[Black "Krainski, Aleksander"]
[Result "0-1"]
[WhiteTitle "I"]
[BlackTitle "FM"]
[WhiteElo "1355"]
[BlackElo "2037"]

1. Nf3 d5 2. d4 e6 3. c4 Nf6 4. Nc3 Nbd7 5. e3 Be7 6. Qc2 O-O 7. Bd3 c5 8. cxd5
exd5 9. O-O b6 10. b3 Bb7 11. Bb2 Bd6 12. Nb5 Be7 13. Ne5 a6 14. Nxd7 Qxd7 15.
Nc3 cxd4 16. exd4 b5 17. Bf5 Qd6 18. f3 g6 19. Bh3 Rfe8 20. Rac1 Bf8 21. Rce1
Bg7 22. Qd2 Bc6 23. Qg5 h6 24. Qg3 Qxg3 25. hxg3 Nh5 26. Ne2 Rxe2 27. Rxe2 Nxg3
28. Rc2 Nxf1 29. Kxf1 Be8 30. Rc5 b4 31. Rc8 Rxc8 32. Bxc8 Bb5+ 33. Kf2 a5 34.
Ke3 Bc6 35. Ba6 h5 36. Bd3 Bf8 37. g3 Kg7 38. f4 Kf6 39. Ba6 Bd6 40. Bc8 Ke7 41.
Bc1 Kd8 42. Bh3 Be7 43. Bd2 Kc7 44. Be1 Bd7 45. f5 Bg5+ 46. Kd3 Kc6 47. g4 hxg4
48. Bxg4 gxf5 49. Bf3 f4 50. Kc2 Bf5+ 51. Kb2 Bf6 52. Bf2 Be4 53. Bh5 Bg6 54.
Bf3 Kd6 55. a3 Be7 56. Be1 Ke6 57. Bd2 bxa3+ 58. Ka2 Bb4 59. Bxf4 Bc2 60. Bc7
a4 61. Bg4+ f5 62. bxa4 fxg4 63. a5 Bd3 64. a6 Bc4+ 65. Ka1 Bc3+ 66. Kb1 a2+ 67.
Kc2 Bxd4 68. a7 a1=Q 69. Bb8 Qa2+ 70. Kc1 Be3+ 71. Kd1 Qd2# 0-1

[Event "Druzynowe Mistrzostwa Polski - II liga"]
[Site "Sypniewo k. Jastrowia"]
[Date "1899-12-30"]
[Round "1.78"]
[White "Cieslak, Wiktoria"]
[Black "Polak, Sylwia"]
[Result "1-0"]
[WhiteTitle "k++"]
[BlackTitle "I++"]
[WhiteElo "1915"]
[BlackElo "1481"]

1. e4 e6 2. d4 d5 3. Nd2 c5 4. exd5 Qxd5 5. Ngf3 cxd4 6. Bc4 Qd6 7. O-O Nf6 8.
Nb3 Nc6 9. Nbxd4 Nxd4 10. Nxd4 Be7 11. Nb5 Qc5 12. b3 Qc6 13. Bf4 Nd5 14. Bxd5
Qxb5 15. c4 Qa5 16. Be4 O-O 17. Qf3 Bf6 18. Rab1 Qxa2 19. Bxb7 Bxb7 20. Qxb7 e5
21. Be3 a5 22. c5 Rab8 23. Qa6 Rxb3 24. Rxb3 Qxb3 25. Qxa5 e4 26. c6 Qc3 27. Qxc3
Bxc3 28. c7 Ba5 29. Bf4 g5 30. Bd6 Rc8 31. Rb1 Bxc7 32. Rc1 Bxd6 33. Rxc8+ Kg7
34. Re8 f5 35. Re6 Bb4 36. g4 fxg4 37. Rxe4 Bd6 38. Rxg4 Bf4 39. h4 Kf6 40. hxg5+
Bxg5 41. Kg2 Kf5 42. Kf3 Bc1 43. Rb4 Bd2 44. Rb5+ Kf6 45. Kg4 Bc1 46. f4 1-0

[Event "Druzynowe Mistrzostwa Polski - II liga"]
[Site "Sypniewo k. Jastrowia"]
[Date "1899-12-30"]
[Round "1.79"]
[White "Cukrowski, Filip"]
[Black "Dixa, Oskar"]
[Result "1/2-1/2"]
[WhiteTitle "FM"]
[BlackTitle "k"]
[WhiteElo "2382"]
[BlackElo "1988"]

1. d4 Nf6 2. c4 e6 3. Nf3 d5 4. Nc3 c6 5. e3 Nbd7 6. Be2 Bd6 7. O-O O-O 8. b3 b6
9. Bb2 Bb7 10. Rc1 Rc8 11. cxd5 exd5 12. Qc2 Qe7 13. g3 Rfe8 14. Rfd1 g6 15. Bf1
Ne4 16. Nxe4 Qxe4 17. Qxe4 Rxe4 18. Rc2 Ree8 19. h4 f5 20. h5 Kg7 21. Kg2 Kf6
22. hxg6 hxg6 23. Bd3 Rh8 24. Nh4 Kf7 25. Rcc1 Nf6 26. Rh1 Rh5 27. g4 Rg5 28.
f3 Rg8 29. Rcf1 fxg4 30. f4 Rh5 31. f5 g5 32. Ng6 Rxh1 33. Rxh1 Re8 34. Ne5+ Kg7
35. Kf2 c5 36. Rg1 cxd4 37. exd4 Rh8 38. Bc1 Rh5 1/2-1/2

[Event "Druzynowe Mistrzostwa Polski - II liga"]
[Site "Sypniewo k. Jastrowia"]
[Date "1899-12-30"]
[Round "1.80"]
[White "Janiszewski, Filip"]
[Black "Kacprzak, Karol"]
[Result "0-1"]
[WhiteTitle "I++"]
[BlackTitle "k"]
[WhiteElo "1983"]
[BlackElo "2200"]

1. e4 c5 2. Nf3 d6 3. d4 cxd4 4. Nxd4 Nf6 5. f3 e5 6. Nb3 d5 7. Bg5 Be6 8. Bxf6
gxf6 9. exd5 Qxd5 10. Qxd5 Bxd5 11. Nc3 Be6 12. O-O-O Nd7 13. Nb5 Kd8 14. Na5
Kc8 15. Bc4 b6 16. Bxe6 fxe6 17. Nc4 a6 18. Nbd6+ Kc7 19. Nf7 Rg8 20. Rxd7+ Kxd7
21. Nxb6+ Ke7 22. Nxa8 Kxf7 23. Nc7 Bd6 24. Rd1 Ke7 25. Nxa6 Ra8 26. Rxd6 Kxd6
27. Nb4 f5 28. Kd2 Rg8 29. g3 f4 30. g4 h5 31. h3 hxg4 32. hxg4 Rh8 33. Nd3 Rh2+
34. Kd1 Kd5 35. c3 e4 36. Nxf4+ Ke5 37. Ng6+ Kf6 38. Nf4 exf3 39. Nd3 e5 40. g5+
Kxg5 41. Nxe5 Rh1+ 42. Kd2 f2 0-1

[Event "Druzynowe Mistrzostwa Polski - II liga"]
[Site "Sypniewo k. Jastrowia"]
[Date "1899-12-30"]
[Round "1.81"]
[White "Kacprzak, Kacper"]
[Black "Adamczewski, Jedrzej"]
[Result "1/2-1/2"]
[WhiteTitle "k"]
[BlackTitle "I++"]
[WhiteElo "2229"]
[BlackElo "1941"]

1. e4 c5 2. Nf3 e6 3. d4 cxd4 4. Nxd4 a6 5. Bd3 Qc7 6. O-O Nf6 7. Nc3 b5 8. a3
Bb7 9. Qe2 d6 10. f4 Nbd7 11. Kh1 Be7 12. Nb3 Rc8 13. Bd2 O-O 14. Rae1 Rfe8 15.
Nd4 Bf8 16. Qf2 Qc5 17. Nb3 Qxf2 18. Rxf2 e5 19. Rfe2 g6 20. Na5 Ba8 21. a4 Nc5
22. axb5 Nxd3 23. cxd3 axb5 24. Nxb5 Rc5 25. Na3 exf4 26. Nb3 Rh5 27. Bxf4 Rb8
28. Nc1 Rb4 29. Na2 Rb3 30. Nc1 Rb4 31. Na2 Rb3 32. Nc1 1/2-1/2

[Event "Druzynowe Mistrzostwa Polski - II liga"]
[Site "Sypniewo k. Jastrowia"]
[Date "1899-12-30"]
[Round "1.82"]
[White "Geraschenko, Dmitry"]
[Black "Poltorak, Sebastian"]
[Result "0-1"]
[WhiteTitle "II+"]
[BlackTitle "k"]
[WhiteElo "1851"]
[BlackElo "2264"]

1. e4 c6 2. d4 d5 3. exd5 cxd5 4. Bd3 Nc6 5. c3 Nf6 6. Nf3 Qc7 7. g3 e6 8. Bf4
Bd6 9. Bxd6 Qxd6 10. Nbd2 Bd7 11. Qe2 O-O 12. O-O g6 13. Rfe1 Nh5 14. Ne5 Rae8
15. Nxc6 bxc6 16. Qe5 Qxe5 17. dxe5 c5 18. c4 Rb8 19. Nb3 Rfc8 20. Rec1 d4 21.
Rab1 f6 22. Nd2 Bc6 23. Be2 f5 24. Bf3 Ng7 25. Bxc6 Rxc6 26. b3 Kf7 27. Kf1 g5
28. Ke2 a5 29. Kd3 Kg6 30. Rc2 Ne8 31. a3 Nc7 32. b4 axb4 33. axb4 cxb4 34. Kxd4
Nb5+ 35. Ke3 Na3 36. Rcb2 Nxb1 37. Rxb1 Rc7 38. Rb2 h5 39. Kd4 Rd8+ 40. Ke3 Rcd7
41. Nb3 Rd3+ 42. Ke2 Rc3 43. Na5 Ra8 44. Nb7 Rxc4 45. Nd6 Rc5 46. Rxb4 Rxe5+ 47.
Kf3 Ra2 48. Rb6 Ree2 49. Nc4 g4+ 50. Kf4 Re4# 0-1

[Event "Druzynowe Mistrzostwa Polski - II liga"]
[Site "Sypniewo k. Jastrowia"]
[Date "1899-12-30"]
[Round "1.83"]
[White "Sowa, Wiktoria"]
[Black "Grzegorski, Michal"]
[Result "1-0"]
[WhiteTitle "WFM"]
[BlackTitle "I"]
[WhiteElo "2016"]
[BlackElo "1752"]

1. e4 d6 2. d4 Nf6 3. f3 e5 4. Be3 Nbd7 5. c4 c6 6. Nc3 h5 7. Nge2 a6 8. Qd2 b5
9. Nc1 d5 10. exd5 cxd5 11. cxb5 e4 12. fxe4 dxe4 13. bxa6 Nb6 14. Bb5+ Bd7 15.
Qe2 Bb4 16. O-O O-O 17. Bg5 Bxb5 18. Nxb5 Nbd5 19. Nb3 Rxa6 20. Nc3 Qa8 21. Nxd5
Nxd5 22. Qxe4 Rg6 23. h4 Re8 24. Qf3 Qb7 25. Nc5 Bxc5 26. dxc5 Ree6 27. Rad1 Re5
28. Rfe1 Rxe1+ 29. Rxe1 Qc6 30. Kh1 f6 31. Rd1 fxg5 32. Qxd5+ Qxd5 33. Rxd5 gxh4
34. b4 Ra6 35. Rxh5 Rxa2 36. Rxh4 Rb2 37. Rc4 1-0

[Event "Druzynowe Mistrzostwa Polski - II liga"]
[Site "Sypniewo k. Jastrowia"]
[Date "1899-12-30"]
[Round "1.84"]
[White "Barwinska, Ewa"]
[Black "Starosta, Martyna"]
[Result "0-1"]
[WhiteTitle "I++"]
[BlackTitle "WCM"]
[WhiteElo "1826"]
[BlackElo "1809"]

1. e4 e5 2. Nf3 Nc6 3. Bb5 g6 4. O-O Bg7 5. c3 a6 6. Ba4 d6 7. d4 Bd7 8. Qd3 Nf6
9. Re1 O-O 10. Bb3 h6 11. Nbd2 Nh5 12. Nf1 Kh7 13. Ng3 Bg4 14. d5 Ne7 15. h3 Bxf3
16. Qxf3 Nxg3 17. Qxg3 f5 18. f4 exf4 19. Qxf4 g5 20. Qf3 f4 21. Bc2 Be5 22. Bd1
Ng6 23. Qd3 Nh4 24. Bf3 Qe8 25. Qe2 Kg7 26. Bd2 Rh8 27. Bh5 Qd7 28. Rf1 Raf8 29.
Be1 Ng6 30. Bf2 f3 31. Bxf3 Nf4 32. Qd1 Nxh3+ 33. Kh1 Nxf2+ 34. Rxf2 h5 35. Qd2
Qe7 36. Bd1 g4 37. Rf5 Rxf5 38. exf5 Qh4+ 39. Kg1 Qh2+ 40. Kf1 Qh1+ 41. Kf2 g3+
42. Ke3 0-1

[Event "Druzynowe Mistrzostwa Polski - II liga"]
[Site "Sypniewo k. Jastrowia"]
[Date "1899-12-30"]
[Round "1.85"]
[White "Nadstoga, Wojciech"]
[Black "Klepek, Witold"]
[Result "0-1"]
[WhiteTitle "I++"]
[BlackTitle "k++"]
[WhiteElo "1941"]
[BlackElo "2103"]

1. Nf3 c5 2. g3 Nf6 3. Bg2 g6 4. d3 d5 5. c3 Bg7 6. O-O Nc6 7. Qc2 O-O 8. a3 e5
9. e4 d4 10. Ne1 Be6 11. f4 dxc3 12. bxc3 c4 13. fxe5 cxd3 14. Qxd3 Ng4 15. Qxd8
Rfxd8 16. Bg5 Rd7 17. h3 Ngxe5 18. Nd2 h6 19. Be3 Nd3 20. Nef3 Bxc3 21. Rad1 Bg7
22. Rb1 Rad8 23. Nb3 b6 24. a4 Nde5 25. Nxe5 Nxe5 26. Rf2 Nc4 27. Bc1 Rd3 28.
Kh2 Be5 29. Bf3 Nd6 30. Nd2 Ba2 31. Rb2 Bxb2 32. Bxb2 Nc4 33. Nxc4 Bxc4 34. Bc1
g5 35. h4 Rc3 36. Bb2 Rxf3 37. Rxf3 Rd2+ 38. Kh3 Rxb2 39. hxg5 Be6+ 40. g4 hxg5
41. Rf1 0-1

[Event "Druzynowe Mistrzostwa Polski - II liga"]
[Site "Sypniewo k. Jastrowia"]
[Date "1899-12-30"]
[Round "1.86"]
[White "Gola, Karol"]
[Black "Wesolowski, Edgar"]
[Result "1/2-1/2"]
[WhiteTitle "k"]
[BlackTitle "I++"]
[WhiteElo "2174"]
[BlackElo "1951"]

1. e4 c5 2. Nf3 d6 3. Bb5+ Bd7 4. Bxd7+ Nxd7 5. O-O g6 6. c3 Ngf6 7. Re1 c4 8.
Qa4 Rc8 9. b3 cxb3 10. axb3 Bh6 11. e5 dxe5 12. Nxe5 O-O 13. Nxd7 Nxd7 14. Ba3
Nc5 15. Bxc5 Rxc5 16. Qxa7 Qc7 17. d4 Rh5 18. h3 Bf4 19. c4 Qd7 20. d5 e6 21.
Qd4 Qd6 22. Nc3 1/2-1/2

[Event "Druzynowe Mistrzostwa Polski - II liga"]
[Site "Sypniewo k. Jastrowia"]
[Date "1899-12-30"]
[Round "1.87"]
[White "Mierzynski, Jaroslaw"]
[Black "Szolc, Grzegorz"]
[Result "1-0"]
[WhiteTitle "I+"]
[BlackTitle "I++"]
[WhiteElo "1922"]
[BlackElo "2036"]

1. d4 Nf6 2. Nf3 e6 3. e3 b6 4. b3 Bb7 5. Bd3 Ne4 6. Bb2 f5 7. O-O d6 8. c4 Nd7
9. Nc3 Ndf6 10. Nd2 Be7 11. f3 Nxc3 12. Bxc3 O-O 13. Qe2 c5 14. Rae1 Nd7 15. Bb1
Qe8 16. Qd3 Qh5 17. f4 Nf6 18. d5 exd5 19. Qxf5 Qxf5 20. Bxf5 dxc4 21. bxc4 Ne8
22. e4 Nc7 23. Re3 a6 24. Rg3 Bf6 25. e5 Bh4 26. Bxh7+ Kxh7 27. Rh3 g5 28. fxg5
Rxf1+ 29. Nxf1 dxe5 30. Rxh4+ Kg6 31. Rh6+ Kf5 32. Ng3+ Kxg5 33. Rh7 Rc8 34. Bxe5
Rd8 35. Bxc7 Rd1+ 36. Nf1 1-0

[Event "Druzynowe Mistrzostwa Polski - II liga"]
[Site "Sypniewo k. Jastrowia"]
[Date "1899-12-30"]
[Round "1.88"]
[White "Kalmuk, Krzysztof"]
[Black "Kowalewicz, Kacper"]
[Result "1-0"]
[WhiteTitle "I++"]
[BlackTitle "I+"]
[WhiteElo "1983"]
[BlackElo "1831"]

1. d4 f5 2. Nf3 Nf6 3. e3 e6 4. Be2 d5 5. a3 Bd6 6. b4 O-O 7. Bb2 Nbd7 8. c4 c6
9. Nbd2 Ne4 10. O-O Qf6 11. Qc2 g5 12. Rac1 Qg7 13. b5 g4 14. Ne5 Nxe5 15. dxe5
Bxe5 16. Bxe5 Qxe5 17. Nxe4 dxe4 18. c5 cxb5 19. Bxb5 b6 20. Qa4 a6 21. Bc6 Rb8
22. cxb6 Rxb6 23. Rc2 a5 24. Rfc1 Ba6 25. h3 g3 26. fxg3 Bd3 27. Rc5 Qxg3 28.
Qd4 Rfb8 29. Bxe4 Rd6 30. Rc8+ Rxc8 31. Rxc8+ Kf7 32. Qa7+ Kf6 33. Bf3 Qe1+ 34.
Kh2 Be4 35. Rf8+ Ke5 36. Qg7+ Kd5 37. Qd4+ 1-0

[Event "Druzynowe Mistrzostwa Polski - II liga"]
[Site "Sypniewo k. Jastrowia"]
[Date "1899-12-30"]
[Round "1.89"]
[White "Wawrzyniak, Pawel"]
[Black "Kukula, Karol"]
[Result "0-1"]
[WhiteTitle "I"]
[BlackTitle "I+"]
[WhiteElo "1764"]
[BlackElo "1821"]

1. d4 Nf6 2. c4 e6 3. Nf3 Bb4+ 4. Bd2 Qe7 5. g3 Bxd2+ 6. Nbxd2 d6 7. Bg2 Nbd7 8.
O-O e5 9. e4 O-O 10. d5 a5 11. Ne1 Nc5 12. b3 Ne8 13. a3 f5 14. b4 Nxe4 15. Nxe4
fxe4 16. Bxe4 Nf6 17. Bg2 Bg4 18. f3 Bf5 19. Nc2 axb4 20. Ne3 Bd7 21. axb4 e4
22. Rxa8 Rxa8 23. fxe4 Nxe4 24. Qd4 Nf6 25. Re1 Ng4 26. Nc2 Qf6 27. Qxf6 Nxf6
28. Nd4 Kf7 29. Ne6 Bxe6 30. dxe6+ Ke7 31. b5 Ra4 32. Bxb7 Rxc4 33. Re2 Ng4 34.
Rb2 Ne5 35. Bc8 Nf3+ 36. Kg2 Nd4 37. Kh3 Rc5 38. b6 cxb6 39. Rxb6 Nxe6 40. Bxe6
Kxe6 41. Rb7 Kf6 42. Kg4 Re5 43. h4 Re7 44. Rb5 Ke6 45. Kf4 Ra7 46. Rg5 g6 47.
Ke4 Ra4+ 48. Ke3 d5 49. h5 Re4+ 50. Kd2 Re5 51. hxg6 Rxg5 52. gxh7 0-1

[Event "Druzynowe Mistrzostwa Polski - II liga"]
[Site "Sypniewo k. Jastrowia"]
[Date "1899-12-30"]
[Round "1.90"]
[White "Bialek, Alicja"]
[Black "Leszner, Liliana"]
[Result "0-1"]
[WhiteTitle "I"]
[BlackTitle "WIM"]
[WhiteElo "1367"]
[BlackElo "1889"]

1. e4 g6 2. d4 Bg7 3. Nc3 d6 4. f4 Nf6 5. Nf3 O-O 6. Bd3 c6 7. h3 b5 8. Be3 Qc7
9. Qd2 b4 10. Ne2 c5 11. c4 cxd4 12. Nexd4 Bb7 13. e5 dxe5 14. Nb5 Qd8 15. fxe5
Nfd7 16. Qxb4 Nc6 17. Qb3 Ndxe5 18. Nxe5 Nxe5 19. O-O-O a6 20. Na3 Qc7 21. Bb6
Nxd3+ 22. Rxd3 Qf4+ 23. Be3 Qe4 24. Rg1 Rab8 25. Ba7 Bh6+ 26. Kb1 Rbd8 27. Rd1
Rxd3 28. Rxd3 Qxg2 29. Rd7 Bf3 30. Rxe7 Qf1+ 31. Kc2 Qc1+ 32. Kd3 Qd2# 0-1

[Event "Druzynowe Mistrzostwa Polski - II liga"]
[Site "Sypniewo k. Jastrowia"]
[Date "1899-12-30"]
[Round "1.91"]
[White "Krzywda, Andrzej"]
[Black "Simon, Marek"]
[Result "1-0"]
[WhiteTitle "CM"]
[BlackTitle "I+"]
[WhiteElo "2076"]
[BlackElo "1849"]

1. e4 c6 2. d4 d5 3. exd5 cxd5 4. Bd3 Nc6 5. c3 Qc7 6. Ne2 Bg4 7. O-O e6 8. Qe1
Bxe2 9. Qxe2 Nf6 10. Bg5 Bd6 11. g3 h6 12. Be3 h5 13. Nd2 h4 14. Kg2 O-O-O 15.
Nf3 hxg3 16. hxg3 Rh5 17. Rh1 Rdh8 18. Rxh5 Rxh5 19. Rh1 g6 20. Bg5 Rxh1 21. Kxh1
Nd7 22. Kg2 Nb6 23. Bd2 Ne7 24. Ng5 Nf5 25. Bxf5 gxf5 26. Qh5 Nc4 27. Bc1 Be7
28. Nxf7 Qa5 29. b3 Nb6 30. Qh8+ Kc7 31. Bf4+ Kd7 32. Ne5+ 1-0

[Event "Druzynowe Mistrzostwa Polski - II liga"]
[Site "Sypniewo k. Jastrowia"]
[Date "1899-12-30"]
[Round "1.92"]
[White "Wojtkowski, Pawel"]
[Black "Chojnacki, Slawomir"]
[Result "0-1"]
[WhiteTitle "I+"]
[BlackTitle "CM"]
[WhiteElo "1850"]
[BlackElo "2150"]

1. d4 d5 2. c4 e6 3. Nc3 Nf6 4. Bg5 Be7 5. e3 O-O 6. Nf3 a6 7. Rc1 Nbd7 8. Bd3
dxc4 9. Bxc4 b5 10. Bd3 Bb7 11. O-O c5 12. Qe2 c4 13. Bb1 b4 14. Nd1 a5 15. Nd2
Nb6 16. Bxf6 Bxf6 17. Be4 Bd5 18. Bf3 Rc8 19. e4 Ba8 20. e5 Bg5 21. Bxa8 Rxa8
22. f4 Qxd4+ 23. Qe3 Rfd8 24. Ne4 Be7 25. Nd6 Qxe3+ 26. Nxe3 Bxd6 27. exd6 Rxd6
28. Nxc4 Nxc4 29. Rxc4 g6 30. Rfc1 Rd2 31. R1c2 Rad8 32. Rc8 Kg7 33. b3 R8d4 34.
g3 Rd5 35. Kf1 h5 36. Ke1 Rd1+ 37. Ke2 h4 38. gxh4 Rh1 39. Ke3 Re1+ 40. Kf2 Ra1
41. R8c7 Rh5 42. Kg3 Rg1+ 43. Kh3 Rd5 44. Rg2 Rxg2 45. Kxg2 Rd2+ 46. Kg3 Rxa2
47. Rc5 f5 48. Re5 Kf6 49. Rb5 Ra3 50. Kg2 Kg7 51. Rb7+ Kh6 52. Ra7 Kh5 53. h3
Kh6 54. Ra6 Kg7 55. Ra7+ Kf6 56. Ra6 Ke7 57. Ra7+ Kd6 58. Ra6+ Kd5 59. Rb6 Rxb3
60. Rb5+ Ke4 61. Re5+ Kxf4 62. Rxe6 Rb2+ 0-1

[Event "Druzynowe Mistrzostwa Polski - II liga"]
[Site "Sypniewo k. Jastrowia"]
[Date "1899-12-30"]
[Round "1.93"]
[White "Malecki, Rafal"]
[Black "Janicki, Rafal"]
[Result "1-0"]
[WhiteTitle "k+"]
[BlackTitle "I+"]
[WhiteElo "1942"]
[BlackElo "1819"]

1. Nf3 Nf6 2. g3 b5 3. Bg2 Bb7 4. O-O e6 5. d3 c5 6. e4 d6 7. b3 Be7 8. Bb2 O-O
9. Nbd2 Nfd7 10. a4 b4 11. Nc4 d5 12. exd5 Bxd5 13. Ne3 Bb7 14. Re1 Qc7 15. Qd2
Bf6 16. Bxf6 Nxf6 17. Nc4 Nc6 18. Qg5 Ne7 19. h4 Rfd8 20. Qe5 Rac8 21. a5 Nf5
22. Qxc7 Rxc7 23. Ne3 Nxe3 24. fxe3 Nd5 25. a6 Bc8 26. Ra5 Rd6 27. e4 Nc3 28.
Rea1 Ne2+ 29. Kf2 Nd4 30. e5 Rb6 31. Ne1 Nb5 32. Ke3 Na3 33. c4 Rxa6 34. Rxa6
Bxa6 35. d4 cxd4+ 36. Kxd4 Kf8 37. Ra2 Bxc4 38. bxc4 Rxc4+ 39. Ke3 Rc3+ 40. Kf4
a5 41. Be4 f6 42. exf6 gxf6 43. g4 h6 44. h5 Ke7 45. Bd3 Kd6 46. Ke4 Kc5 47. Rf2
b3 48. Rxf6 b2 49. g5 hxg5 50. h6 Kd6 51. h7 Rc8 52. Nf3 b1=Q 53. Bxb1 Nxb1 54.
Rg6 Nc3+ 55. Kd3 Nd5 56. Rg8 Rc3+ 57. Kd2 Rc4 1-0

[Event "Druzynowe Mistrzostwa Polski - II liga"]
[Site "Sypniewo k. Jastrowia"]
[Date "1899-12-30"]
[Round "1.94"]
[White "Skrzypczak, Michal"]
[Black "Bachorczyk, Marcin"]
[Result "1-0"]
[WhiteTitle "I++"]
[BlackTitle "I"]
[WhiteElo "1865"]
[BlackElo "2003"]

1. d4 Nf6 2. Nf3 d6 3. Nc3 Nbd7 4. e4 e5 5. Bc4 Be7 6. O-O O-O 7. a4 c6 8. Ba2
h6 9. h3 exd4 10. Nxd4 Nc5 11. Re1 a5 12. Qf3 Be6 13. Nf5 Kh8 14. e5 dxe5 15.
Rxe5 Ncd7 16. Rxe6 fxe6 17. Bxe6 Nc5 18. Ba2 Ng8 19. Qg4 Bg5 20. Be3 Qc8 21. Nxh6
Bxe3 22. Nf7+ Rxf7 23. Qh5+ Nh6 24. Bxf7 Bd4 1-0

[Event "Druzynowe Mistrzostwa Polski - II liga"]
[Site "Sypniewo k. Jastrowia"]
[Date "1899-12-30"]
[Round "1.95"]
[White "Sroka, Janusz"]
[Black "Wlodarczak, Damian"]
[Result "1/2-1/2"]
[WhiteTitle "k"]
[BlackTitle "I"]
[WhiteElo "1912"]
[BlackElo "1820"]

1. e4 d5 2. exd5 Qxd5 3. Nc3 Qd6 4. d4 Nf6 5. Nf3 Bg4 6. h3 Bh5 7. g4 Bg6 8. Ne5
c6 9. Bf4 Qb4 10. Nc4 Ne4 11. Bd2 Nxd2 12. Qxd2 e6 13. a3 Qe7 14. Bg2 Nd7 15.
O-O-O O-O-O 16. f4 Nb6 17. Nxb6+ axb6 18. Qf2 Qc7 19. d5 Bc5 20. Qf3 h5 21. f5
exf5 22. gxf5 Bh7 23. dxc6 bxc6 24. Rxd8+ Rxd8 25. Rf1 g6 26. f6 Bd4 27. Ne4 g5
28. Nxg5 Bg6 29. Re1 Qd7 30. h4 Kb8 31. Kb1 Qd6 32. Rf1 Qd5 33. Qg3+ Qd6 34. Qb3
Rd7 35. Qc4 Bxf6 36. Qxc6 Qxc6 37. Bxc6 Rd6 38. Be8 Bxg5 39. hxg5 Rd5 40. Bxf7
Rxg5 41. Rf6 Rg1+ 42. Ka2 Bxc2 43. Rxb6+ Kc7 44. Rh6 Bb1+ 45. Kb3 Rg3+ 46. Kb4
Rg4+ 47. Kc5 Rg5+ 48. Kd4 Rg4+ 49. Ke3 h4 50. Bd5 Bf5 51. Bf3 Ra4 52. Rc6+ Kd7
53. Rf6 Ra5 54. Kf4 Be6 55. Bd1 Rd5 56. Rxe6 Rxd1 57. Re2 Rg1 58. Rh2 Kc6 59.
Kf3 Rg3+ 60. Kf4 Kb5 61. Ke4 h3 62. Rh1 Ka4 63. Kd4 Rg2 64. Kc3 h2 65. b3+ Kxa3
66. Ra1+ Ra2 67. Rd1 Rg2 68. Ra1+ Ra2 1/2-1/2

[Event "Druzynowe Mistrzostwa Polski - II liga"]
[Site "Sypniewo k. Jastrowia"]
[Date "1899-12-30"]
[Round "1.96"]
[White "Stochnialek, Dominika"]
[Black "Cyboran, Katarzyna"]
[Result "1/2-1/2"]
[WhiteTitle "I++"]
[BlackTitle "I++"]
[WhiteElo "1706"]
[BlackElo "1773"]

1. e4 c5 2. Nf3 e6 3. c3 d5 4. exd5 Qxd5 5. d4 Nc6 6. Be2 Nf6 7. O-O Be7 8. c4
Qd8 9. dxc5 O-O 10. Nc3 Bxc5 11. Bf4 Qe7 12. a3 Rd8 13. Qc2 e5 14. Bg5 Be6 15.
Rad1 h6 16. Bxf6 gxf6 17. b4 Bd4 18. Nb5 Bb6 19. c5 Bc7 20. Nxc7 Qxc7 21. Qc3
a5 22. Bd3 axb4 23. axb4 Bd5 24. Bb1 Be6 25. h3 Ne7 26. b5 Rdc8 27. Rc1 Ra5 28.
Bd3 Nd5 29. Qb2 Rca8 30. Bb1 Qd7 31. c6 bxc6 32. bxc6 Qc7 33. Qd2 Nf4 34. Kh1
Bd5 35. Qc2 e4 36. Nh4 Nd3 37. Rcd1 Qxc6 38. Qxc6 Bxc6 39. Bxd3 exd3 40. Rxd3
Rh5 41. Rg3+ Rg5 42. Kh2 Kh7 1/2-1/2

[Event "Druzynowe Mistrzostwa Polski - II liga"]
[Site "Sypniewo k. Jastrowia"]
[Date "1899-12-30"]
[Round "1.97"]
[White "Dziewonski, Dariusz"]
[Black "Luczak, Filip"]
[Result "0-1"]
[WhiteTitle "I++"]
[BlackTitle "FM"]
[WhiteElo "2015"]
[BlackElo "2278"]

1. e4 c5 2. Nf3 d6 3. d4 cxd4 4. Nxd4 Nf6 5. Nc3 a6 6. Be2 e5 7. Nb3 Be7 8. Bg5
Be6 9. Bxf6 Bxf6 10. Qd3 Nc6 11. Nd5 O-O 12. Nxf6+ Qxf6 13. c3 Rfd8 14. Bf3 b5
15. Nd2 Na5 16. O-O Nc4 17. b3 Nb6 18. c4 bxc4 19. bxc4 Na4 20. Qc2 Nc5 21. Rfd1
Qe7 22. Nf1 Bd7 23. Qc3 Bc6 24. Ng3 g6 25. Rab1 Ba4 26. Re1 Rab8 27. Ne2 Bc6 28.
Qe3 Qe6 29. Rxb8 Rxb8 30. Rc1 Rb4 31. Qc3 a5 32. Qc2 Qe7 33. a3 Rb3 34. Rb1 a4
35. Nc3 Rxa3 36. Rb8+ Kg7 37. Bd1 Rb3 38. Rc8 Qb7 39. Rd8 Qc7 0-1

[Event "Druzynowe Mistrzostwa Polski - II liga"]
[Site "Sypniewo k. Jastrowia"]
[Date "1899-12-30"]
[Round "1.98"]
[White "Grzesik, Gracjan"]
[Black "Maj, Samuel"]
[Result "1-0"]
[WhiteTitle "k"]
[BlackTitle "I"]
[WhiteElo "2149"]
[BlackElo "1839"]

1. c4 e5 2. Nc3 Nc6 3. Nf3 f5 4. d4 e4 5. Ng5 Nf6 6. e3 Bb4 7. Bd2 O-O 8. Qb3 d6
9. h4 a5 10. Be2 a4 11. Nxa4 Bxd2+ 12. Kxd2 h6 13. Nh3 Ng4 14. g3 f4 15. gxf4
Qxh4 16. Nc3 Bf5 17. Rag1 Rae8 18. Nd1 b6 19. Qc3 Qh5 20. d5 Ne7 21. Bxg4 Bxg4
22. Rxg4 Nf5 23. Rgg1 Re7 24. Ng5 Nh4 25. Ne6 Rff7 26. Kc1 c6 27. Nd8 Rf8 28.
Nxc6 Rc7 29. a4 Ra8 30. b3 Re8 31. Qd4 Rb7 32. Nc3 g5 33. fxg5 1-0

[Event "Druzynowe Mistrzostwa Polski - II liga"]
[Site "Sypniewo k. Jastrowia"]
[Date "1899-12-30"]
[Round "1.99"]
[White "Pietrzak, Tomasz"]
[Black "Majewski, Krzysztof"]
[Result "1-0"]
[WhiteTitle "I"]
[BlackTitle "I+"]
[WhiteElo "1757"]
[BlackElo "1999"]

1. d4 d6 2. Nf3 Nf6 3. c4 Nbd7 4. Nc3 e5 5. g3 g6 6. Bg2 Bg7 7. O-O O-O 8. Qc2
c6 9. Rd1 Qc7 10. e4 Nh5 11. d5 c5 12. Rb1 a6 13. b4 b6 14. bxc5 bxc5 15. Na4
Rb8 16. Bd2 Bb7 17. Rb3 Ba8 18. Rdb1 Rxb3 19. axb3 Rb8 20. Ne1 Bf6 21. Nd3 Bd8
22. b4 Nhf6 23. bxc5 Rxb1+ 24. Qxb1 Nxc5 25. Naxc5 dxc5 26. Bc3 Nd7 27. Qa1 Qb6
28. Nxe5 Nxe5 29. Bxe5 Bb7 30. Qb2 a5 31. Qxb6 Bxb6 32. Bb2 a4 33. Ba3 f6 34.
f4 Kf7 35. Kf2 h6 36. Ke3 g5 37. Bh3 Ba6 38. Be6+ Ke7 39. Kd3 gxf4 40. gxf4 Kd6
41. Bb2 Ke7 42. e5 fxe5 43. fxe5 Ba5 44. Bf5 Be1 45. d6+ Kd8 46. e6 Bh4 47. Ba3
1-0

[Event "Druzynowe Mistrzostwa Polski - II liga"]
[Site "Sypniewo k. Jastrowia"]
[Date "1899-12-30"]
[Round "1.100"]
[White "Sokolowski, Ryszard"]
[Black "Piwowarczyk, Bartlomiej"]
[Result "1/2-1/2"]
[WhiteTitle "k"]
[BlackTitle "I++"]
[WhiteElo "2031"]
[BlackElo "1884"]

1. d4 d6 2. Nf3 Nf6 3. c4 Nbd7 4. Nc3 e5 5. Bg5 Be7 6. e3 c6 7. Qc2 Qc7 8. Bd3
h6 9. Bh4 b6 10. h3 Bb7 11. O-O O-O 12. Bg3 Rfe8 13. Rfd1 a6 14. Rac1 b5 15. c5
Bf8 16. b4 a5 17. cxd6 Bxd6 18. Nxb5 cxb5 19. Qxc7 Bxc7 20. Rxc7 Bxf3 21. gxf3
axb4 22. Bxb5 exd4 23. Bxd7 Nxd7 24. Rxd7 dxe3 25. fxe3 Rxe3 26. Rd8+ Rxd8 27.
Rxd8+ Kh7 28. Kf2 Ra3 29. Rd2 b3 30. axb3 Rxb3 31. Be5 Rb5 32. Bd6 Rh5 33. Kg3
Rg5+ 34. Kh2 Rf5 35. Rd3 Rb5 36. h4 Rb2+ 37. Kg3 Rb1 38. Bc5 Rc1 39. Be3 Rc6 40.
Rd4 Re6 41. Re4 Rc6 42. Bd4 Rd6 43. Rg4 f6 44. Be3 g5 45. Re4 Kg6 46. Re8 Kf7
47. Rb8 Rd3 48. Kf2 Kg6 49. Rb4 Kh5 50. hxg5 hxg5 51. Rd4 Rb3 52. Rd6 f5 53. Bd2
f4 54. Rd5 Kg6 55. Rc5 Rb2 56. Ke2 Ra2 57. Kd3 Ra8 58. Bc3 Re8 59. Rc6+ Kh5 60.
Bd4 g4 61. fxg4+ 1/2-1/2

[Event "Druzynowe Mistrzostwa Polski - II liga"]
[Site "Sypniewo k. Jastrowia"]
[Date "1899-12-30"]
[Round "1.101"]
[White "Soliwoda, Zygmunt"]
[Black "Gajdzica, Maciej"]
[Result "1/2-1/2"]
[WhiteTitle "II+"]
[BlackTitle "I+"]
[WhiteElo "1593"]
[BlackElo "1954"]

1. d4 Nf6 2. c4 g6 3. Nc3 Bg7 4. e4 d6 5. Nf3 O-O 6. Be2 e5 7. O-O Nc6 8. dxe5
Nxe5 9. Nxe5 dxe5 10. Bg5 c6 11. Qxd8 Rxd8 12. Rad1 Be6 13. f3 Rd7 14. Rxd7 Nxd7
15. Rd1 Bf8 16. Be3 h5 17. h4 Be7 18. g3 Nb6 19. c5 Nd7 20. Na4 b5 21. cxb6 axb6
22. Bc4 Rxa4 23. Bxe6 Nc5 24. Bb3 Nxb3 25. axb3 Rb4 26. Rd3 Kf8 27. Kf1 Ke8 28.
Ke2 Rb5 29. Kd2 Bb4+ 30. Kc2 Ke7 31. Bd2 Bc5 32. Be3 Bxe3 33. Rxe3 Ra5 34. Kb1
Ra7 35. Rc3 Kd6 36. b4 Ra4 37. Rd3+ Ke6 38. Rc3 Kd6 39. Rd3+ Kc7 40. b5 c5 41.
Rd5 f6 42. Rd3 Rb4 43. Ra3 Kb7 44. Rd3 Kc7 45. Ra3 Rxb5 46. Ra7+ Kd6 47. Rg7 Rb3
48. Rxg6 Rxf3 49. Rh6 Ke6 50. Rxh5 Rxg3 51. Rh7 Rg4 52. Rb7 Rxe4 53. Rxb6+ Kd5
54. Rxf6 Rxh4 55. Kc2 Rh2+ 56. Kc3 Rh3+ 57. Kd2 Kc4 58. Re6 Rh2+ 59. Kc1 Kd5 60.
Re8 e4 61. Rb8 Kc4 62. Kd1 e3 63. Re8 Rd2+ 64. Ke1 Kd3 65. Rd8+ Kc2 66. Rc8 Kd3
67. Rxc5 Rxb2 68. Rd5+ Ke4 69. Rd8 Kf3 70. Rf8+ 1/2-1/2